• 首页
  • 本馆介绍
  • 公告通知
  • 最新文献
  • 馆藏检索
  • 电子资源
  • 读者导购
  • 参考咨询
  • 我的图书馆
  • 登录
  • 详细信息显示
  • 放入我的书架
  • 预约/预借图书
  • 作者相关作品
  • 分类相关作品
  • 丛书相关作品
  • 出版社相关作品

书目信息

  • 表格格式
  • 工作单格式
  • 卡片格式
题名:
光学基础
    
 
作者: 张锡钧 , 房慧 编
分册:  
出版信息: 济南   山东教育出版社  1983
页数: 428页
开本: 19cm
丛书名: 普通物理自学丛书
单 册:
中图分类: O43
科图分类:
主题词: 光学
电子资源:
ISBN:
000 00675nam2 2200265 45
001 0183011847
005 20060817154936.21
010    @dCNY1.20
091    @aCN@b13275.9
100    @a19950706d1983 em y0chiy0121 ea
101 0  @achi
102    @aCN@b370000
105    @ay z 000yy
200 10 @a光学基础@Aguang xue ji chu@f房慧,张锡钧编
210    @a济南@c山东教育出版社@d1983
215    @a428页@d19cm
225 2  @a普通物理自学丛书
410  0 @120010@a普通物理自学丛书
606    @a光学
690    @aO43@v3
701  0 @a张锡钧@Azhang xi jun@4编
701  0 @a房慧@Afang hui@4编
801  2 @aCN@bNLC@c20060817
801  0 @aCN@bTSSF
905    @a10447@dO43@e102
    
    光学基础/房慧,张锡钧编.-济南:山东教育出版社,1983
    428页;19cm.-(普通物理自学丛书)
    
    
    ISBN :CNY1.20
    
●
相关链接 在E读中查询图书 在五车中查询图书 在当当中查询图书 在豆瓣中查询图书


正题名:光学基础     索取号:O43/102         预约/预借

序号 登录号 条形码 馆藏地/架位号 状态 备注
1 0468459   204684591   密集书库/ [索取号:O43/102] 在馆    
唐山师范学院图书馆 欢迎您!
大连网信软件有限公司© 版权所有